000
00301nam a22001337a 4500
008
171103b xxu||||| |||| 00| 0 eng d
020
_a
9780395589038
041
_a
eng
080
_a
339.138
100
_a
60
101
_a
MAT
245
_a
GLOBAL MARKETING STRATEGIES
_c
JEANNET.H
942
_2
udc
_c
BK
999
_c
37425
_d
37425